सामान्य अध्ययन प्रश्न पत्र - 2: (Record no. 190175)

MARC details
000 -LEADER
fixed length control field 01023nam a22001817a 4500
005 - DATE AND TIME OF LATEST TRANSACTION
control field 20220719165555.0
010 ## - LCCN (DPL NO)
LC control number HIN-124061
020 ## - INTERNATIONAL STANDARD BOOK NUMBER
International Standard Book Number 978-93-5143-827-4
Terms of availability 495.00
035 ## - SYSTEM CONTROL NUMBER
System control number HN-96407
037 ## - SOURCE OF ACQUISITION
Source of stock number/acquisition DBAD/PUB
082 ## - DEWEY DECIMAL CLASSIFICATION NUMBER
Classification number 000
100 ## - MAIN ENTRY--PERSONAL NAME
Personal name जोशी, श्रीध्दांत
245 ## - TITLE STATEMENT
Title सामान्य अध्ययन प्रश्न पत्र - 2:
Remainder of title राजनैतिक संरचना, सुरक्षा के मुद्दे, सामाजिक विधान, सामाजिक क्षेत्र एवं अंतर्राष्ट्रीय संगठन/
Statement of responsibility, etc श्रीध्दांत जोशी
260 ## - PUBLICATION, DISTRIBUTION, ETC. (IMPRINT)
Place of publication, distribution, etc Haryana
Name of publisher, distributor, etc LexisNexis
Date of publication, distribution, etc 2016
270 ## - ADDRESS
Address 14th floor, Building No 10, Tower-B, DLF Cyber City, Phase-II, Gurgaon
City Haryana
Postal code 122002
Electronic mail address help.in@lexisnexis.com
Telephone number +91 124 4774444
Fax number +91 124 4774100
300 ## - PHYSICAL DESCRIPTION
Extent वि.पृ.
Dimensions 24से.मी.(अजिल्द)
942 ## - ADDED ENTRY ELEMENTS (KOHA)
Source of classification or shelving scheme Dewey Decimal Classification
Item type Hindi Books
Classification part 000
Call number suffix जोशीश्री
Holdings
Withdrawn status Lost status Not for loan Collection code Home library Current library Date acquired Source of acquisition Cost, normal purchase price Full call number Barcode Copy number Cost, replacement price Koha item type
      Non-fiction Bawana Bawana 19/07/2022 DBAD/PUB 495.00 000 जोशीश्री HN-96407 1 495.00 Hindi Books

© Delhi Public Library
Hit Counter
free hit counter